000 01061nam a2200301 i 4500
001 66548
003 ES-MaACL
005 20230906165713.0
007 t|
008 000912s2000 sp ||||0| spa d
020 _a84-450-7312-5
080 _a821.111-31"19"
100 1 _aTolkien, J. R. R.
_9110463
245 1 3 _aLa caída de Númenor /
_cJ.R.R. Tolkien ; editado por Christopher Tolkien ; [traducción de Estela Gutiérrez Torres].
250 _a1ª ed.
260 _aBarcelona :
_bMinotauro,
_c2000.
300 _a363 p. :
_bil. ;
_c24 cm.
490 1 _aLa historia de la Tierra media ;
_v6
505 8 _aContiene: Los papeles del Notion Club ; El hundimiento de Anadûnê
600 1 4 _aTolkien, J. R. R.-
_xCrítica e interpretación.
_9110466
700 1 _aGutiérrez Torres, Estela.
_961230
700 1 _aTolkien, Christopher.
_9110462
740 4 2 _aLos papeles del Notion Club.
740 3 2 _aEl hundimiento de Anadûnê.
830 1 _aLa historia de la Tierra media ;
_v6
_9183019
852 4 _aES-MaACL
_jL-27022
999 _c66548
_d66548